| 000 | 00698nam a22001935i 4500 | ||
|---|---|---|---|
| 001 | 178535 | ||
| 003 | ES-MaACL | ||
| 005 | 20240418143805.0 | ||
| 008 | 110607s1975 sp |||| | spa d | ||
| 080 | _a821.111(73)-31"19"(082.2) | ||
| 245 | 0 | 4 |
_aLos premios Pulitzer de novela. _nVII. |
| 250 | _a2ª ed. | ||
| 260 |
_aBarcelona : _bPlaza & Janés, _c1975. |
||
| 300 |
_a1760 p. ; _c18 cm. |
||
| 505 | 8 | 0 | _aContiene: Tormenta sobre Washington / Allen Drury. Los rateros / William Faulkner. Muchacho risueño / Oliver La Farge. Todos los hombres del rey / Robert Penn Warren |
| 650 | 7 |
_aNovela norteamericana _2 _9146954 |
|
| 852 |
_aES-MaACL _jE-15302 _xOlim P-103 |
||
| 999 |
_c178535 _d178535 |
||